00405nam a2200109Ia 4500008004100000082001900041100002500060245004300085260003800128630001900166650011000185211109s9999||||xx |||||||||||||| ||und|| a894.812bPRA-V aPrabodachandran, V R 0aVivarthanathinte Bhashassastra Bhumika bUnknown PublisheraNo Placec2012 xgeneral stack  a Literature & rhetoricvLiteratures of other languagesxAltaic, Uralic, Hyperborean & Dravidian Generalia